Guess the Taylor Swift Song (no hints) 203 - Statistics

General Stats
  • This quiz has been taken 55 times
  • The average score is 146 of 235
Answer Stats
Answer % Correct
I
100%
a
98%
And
98%
and
98%
it
98%
the
95%
you
93%
in
90%
me
90%
me?
90%
me,
90%
go
88%
No,
88%
no
88%
we
88%
On
85%
Don't
83%
It's
83%
my
83%
are
80%
they
80%
They
80%
But
75%
she
75%
that
75%
That
75%
was
75%
for
73%
like
73%
never
73%
as
70%
did
70%
ever
70%
see
70%
Why
70%
I'll
68%
know
68%
there
68%
Oh,
65%
Oh
65%
didn't
63%
said
63%
things
60%
will
60%
here
58%
Won't
58%
down
53%
only
53%
saw
53%
make
50%
left
48%
places
48%
these
48%
always
45%
Carolina
45%
she's
45%
back
43%
Free
43%
knows
43%
leave
43%
dreams
40%
Lost
40%
stay
40%
came
38%
Into
38%
into
38%
light
35%
sin
35%
years
35%
bed
33%
cover
33%
dress
33%
life
33%
through
33%
comes
30%
count
30%
creeks
30%
fast
30%
lonesome
30%
Lonesome
30%
meet
30%
sea
30%
sleep
30%
they've
30%
weave
30%
between
28%
birds,
28%
Blue
28%
born,
28%
clouds
28%
fist,
28%
ghosts
28%
guilty
28%
liar's
28%
pines
28%
roam
28%
Running
28%
stains
28%
veins
28%
whispers
28%
fled
25%
Hide
25%
Indelible
25%
marks
25%
mist,
25%
pivotal
25%
road
25%
robes
25%
sand,
25%
scars,
25%
Muddy
23%
webs
23%
Don't leave
20%
No matching quizzes found
Score Distribution
Percent of People with Each Score
Percentile by Number Answered
Your Score History
You have not taken this quiz